000 00436nam a2200181Ia 4500
001 24071
005 20260414151019.0
008 260414t1980||||xx |||||||||||||| ||spa||
041 _aESP
082 _a759.74
_bI59
100 _aInstituto de Cooperación Iberoamericana
_eAUT
245 0 _aManuel Felguerez
_b
260 _c1980
300 _a44 pƔginas :
_c25 cm.
650 _aABD
654 _aCAU
942 _cLIB
_dJUS
_fJUS
_2ddc
_n
999 _c24071
_d24071